书目信息 |
| 题名: |
精讲围棋定式
|
|
| 作者: | ;曹薰铉围棋研究室 编著 | |
| 分册: | 定式选择 | |
| 出版信息: | 北京 化学工业出版社 2019.09 |
|
| 页数: | 212页 | |
| 开本: | 24cm | |
| 丛书名: | 曹薰铉、李昌镐精讲围棋系列 | |
| 单 册: | ||
| 中图分类: | G891.3 | |
| 科图分类: | ||
| 主题词: | 定式 (围棋)--ding shi ( wei qi )--基本知识 | |
| 电子资源: | ||
| ISBN: | 978-7-122-34762-6 | |
| 000 | 01269nam 2200253 450 | |
| 001 | 2057206438 | |
| 005 | 20201106155333.60 | |
| 010 | @a978-7-122-34762-6@dCNY49.80 | |
| 100 | @a20191015d2019 em y0chiy50 ea | |
| 101 | 0 | @achi |
| 102 | @aCN@b110000 | |
| 105 | @aa z 000yy | |
| 200 | 1 | @a精讲围棋定式@Ajing jiang wei qi ding shi@i定式选择@f曹薰铉围棋研究室编著 |
| 210 | @a北京@c化学工业出版社@d2019.09 | |
| 215 | @a212页@c图@d24cm | |
| 225 | 2 | @a曹薰铉、李昌镐精讲围棋系列@Acao xun xuan 、 li chang gao jing jiang wei qi xi lie |
| 330 | @a《精讲围棋定式》经韩国超一流棋手曹薰铉先生和李昌镐先生亲自授权, 集二人数十年围棋精髓而成, 分为定式、布局、棋形、中盘、对局、官子、死活、手筋八个方面, 对围棋技巧进行全方位讲解。全书针对初学者从入门到精通, 分别对星定式、小目定式、目外高目三三定式的各种变化进行讲解, 并通过例题介绍定式选择、定式活用的思路和相关技巧, 力求让读者准确掌握各种定式的利弊, 并在实战中面对不同变化时, 选择最好的处理方式。本册为定式选择。 | |
| 410 | 0 | @12001 @a曹薰铉、李昌镐精讲围棋系列 |
| 517 | 1 | @a定式选择@Ading shi xuan ze |
| 606 | 0 | @a定式 (围棋)@Ading shi ( wei qi )@x基本知识 |
| 690 | @aG891.3@v5 | |
| 711 | 02 | @a曹薰铉围棋研究室@Acao xun xuan wei qi yan jiu shi@4编著 |
| 801 | 0 | @aCN@b人天书店@c20201002 |
| 905 | @aZUCC@dG891.3@eC157 | |
| 精讲围棋定式.定式选择/曹薰铉围棋研究室编著.-北京:化学工业出版社,2019.09 |
| 212页:图;24cm.-(曹薰铉、李昌镐精讲围棋系列) |
| ISBN 978-7-122-34762-6:CNY49.80 |
| 《精讲围棋定式》经韩国超一流棋手曹薰铉先生和李昌镐先生亲自授权, 集二人数十年围棋精髓而成, 分为定式、布局、棋形、中盘、对局、官子、死活、手筋八个方面, 对围棋技巧进行全方位讲解。全书针对初学者从入门到精通, 分别对星定式、小目定式、目外高目三三定式的各种变化进行讲解, 并通过例题介绍定式选择、定式活用的思路和相关技巧, 力求让读者准确掌握各种定式的利弊, 并在实战中面对不同变化时, 选择最好的处理方式。本册为定式选择。 |
| ● |
| 相关链接 |
|
|
|
正题名:精讲围棋定式
索取号:G891.3/C157
 
预约/预借
| 序号 | 登录号 | 条形码 | 馆藏地/架位号 | 状态 | 备注 |
| 1 | 1482951 | 214829514 | 社科库409/409社科库 28排2列4层/ [索取号:G891.3/C157] | 在馆 | |
| 2 | 1482952 | 214829523 | 社科库409/400A自科库 9排3列2层/ [索取号:G891.3/C157] | 在馆 |